| 000 | 00802nam a22002417a 4500 | ||
|---|---|---|---|
| 999 |
_c3309 _d3309 |
||
| 003 | URS | ||
| 005 | 20220114142443.0 | ||
| 008 | 190329s1989 nyua 001 0 eng | ||
| 020 | _a0671661035 : | ||
| 040 |
_cURS _drda _beng |
||
| 050 | 0 | 0 |
_aHG 4521 _b.L98711989 |
| 100 | 1 | _aLynch, Peter | |
| 245 | 2 | 0 |
_aOne up on Wall Street :how to use what you already know to make money in the market _bhow to use what you already know to make money in the market / _cby Peter Lynch with John Rothchild. |
| 260 |
_aNew York : _bSimon and Schuster, _c[1989] |
||
| 300 |
_a318 pages _bwith illustrations _c25 cm |
||
| 500 | _aIncludes index. | ||
| 650 | 0 | _aInvestments. | |
| 650 | 0 | _aStocks. | |
| 650 | 0 | _aSpeculation. | |
| 700 | 1 | _aRothchild, John. | |
| 942 |
_2lcc _cFR |
||